• 首页
  • 本馆介绍
  • 公告通知
  • 最新文献
  • 馆藏检索
  • 电子资源
  • 读者导购
  • 参考咨询
  • 我的图书馆
  • 登录
  • 详细信息显示
  • 放入我的书架
  • 预约/预借图书
  • 作者相关作品
  • 分类相关作品
  • 丛书相关作品
  • 出版社相关作品

书目信息

  • 表格格式
  • 工作单格式
  • 卡片格式
题名:
幼儿心理学
    
 
作者: 高月梅 , 张泓 编著
分册:  
出版信息: 杭州   浙江教育出版社  1993.10
页数: 367页
开本: 20cm
丛书名: 儿童青少年心理学丛书
单 册:
中图分类: B844.12 , B844.1
科图分类:
主题词: 儿童心理学
电子资源:
ISBN: 7-5338-1112-7
000 01115oam2 2200313 450
001 1559170234
005 20151111103246.75
010    @a7-5338-1112-7@dCNY17.00
100    @a19940224d1993 emky0chiy0110 ea
101 0  @achi
102    @aCN@b330000
105    @ay z 000yy
200 1  @a幼儿心理学@9you er xin li xue@dPreschool psychology@zeng@f高月梅,张 泓编著
210    @a杭州@c浙江教育出版社@d1993.10
215    @a367页@d20cm
225 2  @a儿童青少年心理学丛书@dSeries of child and teenager psychology@zeng@f林崇德主编
300    @a中华人民共和国新闻出版署“八五”规划重点图书
314    @a高月梅,上海幼儿师范高等专业学校任教
314    @a张 泓,上海幼儿师范高等专科学校任教
330    @a反映当代国内外幼儿心理学研究的新成果,国内心理学工作者近年来研究的新成果,阐述国内外幼儿心理学研究新进展。
461  0 @12001 @a儿童青少年心理学丛书
510 1  @aPreschool psychology@zeng
606 0  @a儿童心理学
690    @aB844.12@v三版
690    @aB844.1@v4
701  0 @a高月梅@9gao yue mei@4编著
701  0 @a张泓@9zhang hong@4编著
801  0 @aCN@bTSSF@c20150120
905    @aZUCC@dB844.1@eJY229
    
    幼儿心理学=Preschool psychology/高月梅,张 泓编著.-杭州:浙江教育出版社,1993.10
    367页;20cm.-(儿童青少年心理学丛书=Series of child and teenager psychology/林崇德主编)
    中华人民共和国新闻出版署“八五”规划重点图书
    
    ISBN 7-5338-1112-7:CNY17.00
    反映当代国内外幼儿心理学研究的新成果,国内心理学工作者近年来研究的新成果,阐述国内外幼儿心理学研究新进展。
●
相关链接 在E读中查询图书 在五车中查询图书 在当当中查询图书 在豆瓣中查询图书


正题名:幼儿心理学     索取号:B844.1/JY229         预约/预借

序号 登录号 条形码 馆藏地/架位号 状态 备注
1 7836518   278365181   学院路分馆/ [索取号:B844.1/JY229] 在馆    
唐山师范学院图书馆 欢迎您!
大连网信软件有限公司© 版权所有